00542nam a2200193 a 4500001001300000003000900013005001700022008004100039020002300080082001700103100001800120245008300138260003200221300000900253500003500262505001000297650002300307700001800330nice12345678IN_TiNIC20260116014620.0070413s2006 newa grp 000 0 eng  a0826456952 c25000a375.002bTAY aTaylor, Peter aHow to Design a Training CoursebGuide to Participatory Curriculum Development aNew York bContinuum c2006 a170p aincludes index and biblioraphy2 aIndex aEducation-Training1 aTaylor, Peter